Encyclopedia of emerging industries.

Detalles Bibliográficos
Formato: Seriadas
Lenguaje:inglés
Publicado: Detroit : Gale, c1998-
Materias:
Acceso en línea:Acceso restringido

MARC

LEADER 00000cas a2200000 a 4500
005 20110922101011.0
007 t|
008 971008c19989999nyuar e 0 a0eng c
022 0 |a 1096-2433 
035 |a 2763 
040 |a NSDP  |c NSDP  |d MCM  |d NSDP  |d DLC  |d N  |d DLC  |d MH  |d GU  |d EbpS  |d N  |d Ct  |d OCoLC  |d vLex 
082 0 0 |a 338/.003  |2 21 
090 |c 2520  |d 2520 
210 0 |a Encyc. emerg. ind. 
222 0 |a Encyclopedia of emerging industries 
245 0 0 |a Encyclopedia of emerging industries.  |h [Recurso electrn̤ico] 
246 1 3 |a EEI 
256 |a Servicio en ln̕ea. 
260 |a Detroit :  |b Gale,  |c c1998- 
300 |a v. :  |b ill. ;  |c 29 cm. 
310 |a Anual 
362 0 |a 1st ed.- 
506 1 |a Contenido solo disponible en los productos indicados  |d vLex Global  |d vLex Global (Academic Edition, excluding Law Schools)  |d vLex Global (Academic Edition, Law Schools) 
650 0 4 |a Industrias  |v Enciclopedias 
650 0 4 |a Previsin̤ de negocio  |v Enciclopedias 
650 0 4 |a Nuevas empresas comerciales  |v Enciclopedias 
740 0 |a vLex Revistas (Servicio en ln̕ea) 
856 4 0 |u http://vlex.com/source/encyclopedia-emerging-industries-2763  |z Acceso restringido 
942 |c REV